000 00426nam a22001337a 4500
040 _cNUST
082 _a200 THE
100 _aMuhammad Wajid Khan
_9108240
110 _a Supervised by Prof. Dr. Umar Shahbaz Khan
_9108241
245 _aTH-SOF-2126-Development of UGV Communication system using Wi-Fi Network Hopping technique
260 _aISLAMABAD:
_bNUST COLLEGE OF EME,
_c2022.
650 _aMS-MTS-19
942 _2ddc
_cTHE
999 _c593078
_d593078